000 00456nam a22001697a 4500
999 _c159781
_d159781
005 20190105140936.0
010 _aB-162320
020 _a8186425306
_c250.00
035 _aB-162320
037 _bConfluence International
082 _aN
100 _aArora, Asha
245 _aBindings of Womanhood /
_cAsha Arora
260 _aNew Delhi
_bConfluence International
_c2007
300 _a232p. (it include index.)
_c22cm(hbk)
942 _2ddc
_cEN
_hN
_mARO